| Tag |
First Indicator |
Second Indicator |
Subfields |
| LEADER |
00000nam a2200000 a 4500 |
| 001 |
in00004757253 |
| 006 |
m|||||o||d|||||||| |
| 007 |
cr ||||||||||| |
| 008 |
120412s2006 enk fo| 001|0|eng d |
| 005 |
20231120174052.2 |
| 020 |
|
|
|a 9781446215449 (ebook) :
|c No price
|
| 035 |
|
|
|a (OCoLC)290534745
|
| 035 |
|
|
|a (StDuBDS)EDZ0000072032
|
| 040 |
|
|
|a StDuBDS
|b eng
|c StDuBDS
|e pn
|
| 050 |
|
0 |
|a HM623
|b .O78 2006
|
| 082 |
0 |
4 |
|a 306.071
|2 23
|
| 100 |
1 |
|
|a Oswell, David.
|
| 245 |
1 |
0 |
|a Culture and society :
|b an introduction to cultural studies /
|c David Oswell.
|
| 260 |
|
|
|a London :
|b SAGE,
|c 2006.
|
| 300 |
|
|
|a 1 online resource ([vi], 246 pages)
|
| 336 |
|
|
|a text
|b txt
|2 rdacontent
|
| 337 |
|
|
|a computer
|b c
|2 rdamedia
|
| 338 |
|
|
|a online resource
|b cr
|2 rdacarrier
|
| 504 |
|
|
|a Includes bibliographical references and index.
|
| 520 |
8 |
|
|a Oswell analyses the central problems in the discipline of cultural studies: identity, body, economy, globalisation and empire and introduces developments on materiality, agency technology and nature.
|
| 521 |
|
|
|a Specialized.
|
| 588 |
|
|
|a Description based on print version record.
|
| 650 |
|
0 |
|a Culture
|x Study and teaching.
|
| 655 |
|
7 |
|a Electronic books.
|2 local
|
| 710 |
2 |
|
|a Sage Publications.
|
| 776 |
0 |
8 |
|i Print version :
|z 9780761942696
|
| 856 |
4 |
0 |
|u http://proxy.library.tamu.edu/login?url=https://sk.sagepub.com/books/culture-and-society
|z Connect to the full text of this electronic book
|t 0
|
| 955 |
|
|
|a SAGE Knowledge
|
| 999 |
f |
f |
|s c2de4845-6af8-42c5-9644-14c55baa1533
|i b85531ab-8d17-4b8f-b482-0a688f61f1fc
|t 0
|
| 952 |
f |
f |
|a Texas A&M University
|b College Station
|c Electronic Resources
|d Available Online
|t 0
|e HM623 .O78 2006
|h Library of Congress classification
|
| 998 |
f |
f |
|a HM623 .O78 2006
|t 0
|l Available Online
|